01434pab a2200169 454500008004000000100002000040245013100060260000900191300001400200362000800214520086100222650001601083773003401099909001001133999001701143952010401160180718b2003 xxu||||| |||| 00| 0 eng d aHall, Ronald E. aThe hegemony of Eurocentrism in social work practice: from race to culture as ecological perspective vis-a-vis Southeast Asian c2003 ap.418-31. aJul aEmergence of Southeast Asian populations in Western societies corresponds to Eurocentrism in social work practice. As per practice, race is assumed the universal, governing category of the social work clientele. It is on the basis of this hegemonic conceptual view that the construct of race is challenged by the emergence of alternative human population phenomena. For those who will engage in practice specific to the Southeast Asian populations, race must be reduced in proportion to its significance in their lives. The utilisation of non-racial constructs includes the need for practitioners to acknowledge the ecological perspective and other culture specific belief systems. The outcome will contribute to the evolution of human well-being despite the prevalence of race constructs as hegemony vis-a-vis Southeast Asian populations. - Reproduced. aSocial work aIndian Journal of Social Work a60718 c60718d60718 00104070aIIPAbIIPAd2018-07-19hVolume no: 64, Issue no: 3pAR61164r2018-07-19w2018-07-19yAR